00830nam a2200193 4500003000400000008004100004020001800045082001000063100001800073245003600091260006300127300000800190650001500198700003900213942001200252999001700264952017800281952017700459OSt240508b |||||||| |||| 00| 0 eng d a9789393159984 a174.4 aMISHRA, Anjan aEthics, Values and Indian Ethos aNew Delhib‎ New Age International Private Limitedc2022 a255 aB.Tech(CE) aBiswas, Wendrila & Giri Arunangshu 2ddccBK c12668d12668 00102ddc40708BTECHCEaPIETbPIETd2024-03-23eZaffa Books and DistributorsfIn Rupeesg375.00kZBD0469l0o174.4 MIEp36867r2024-05-08 00:00:00v255.00w2024-03-23yREF 00102ddc40708BTECHCEaPIETbPIETd2024-03-23eZaffa Books and DistributorsfIn Rupeesg375.00kZBD0469l0o174.4 MIEp36868r2024-05-08 00:00:00v255.00w2024-03-23yBK